000 00492nam a2200193 a 4500
001 1767414372726
003 YourLibrary
005 20260103103043.0
008 260103s2003##################000#0#eng##
020 _a9780199250783
082 0 4 _a297.4088296
_bMER
100 1 _aDaftarī, Farhād,
_eauthor.
245 1 0 _aCulture and Memory in Medieval Islam :
260 _c2003.
300 _a464 pages
650 0 _aIslam.
942 _cENGLISH
040 _aYourLibrary
_beng
_cYourLibrary
999 _c607040
_d607040